000 00300nam a22001337a 4500
008 170823b xxu||||| |||| 00| 0 eng d
020 _a9780132255707
041 _aeng
080 _211 ED
_a51
100 _a38
101 _aMAT
245 _aFINITE MATHEMATICS
_cBARNET.R.A
942 _2udc
_cBK
999 _c24640
_d24640